Satellite Images Quiz #5 - Statistics

General Stats
  • This quiz has been taken 49,574 times
  • The average score is 10 of 16
Answer Stats
Picture Hint Answer % Correct
island Greenland
97%
building The Pentagon
94%
body of water Gulf of Mexico
88%
country Indonesia
88%
body of water Strait of {Gibraltar}
78%
body of water Bay of {Bengal}
69%
city London
69%
country Croatia
61%
country Costa Rica
59%
island North Island
59%
country Kuwait
57%
mountain range Caucasus
50%
body of water Lake Baikal
42%
river delta Ganges Delta
38%
autonomous region Hong Kong
31%
body of water Puget Sound
13%
No matching quizzes found
Score Distribution
Percent of People with Each Score
Percentile by Number Answered
Your Score History
You have not taken this quiz